1095 1926 1380 1716 1820 1177 1106 1228 1426 1009 1893 1483 1256 1967 1076 1076 1117 1939 1220 1915 1775 1051 1662 1422 1617 1431 1038 1533 1618 1876 1689 1866 1954 1304 1459 1214 1310 1113 1547 1060 1967 1674 1406 1299 1707 1717 1127 1202 1387 1254 1726 1078 1736 1008 1728 1446 1561 1699 1326 1991 1173 1429 1291 1380 1138 1524 1104 1901 1796 1122 1979 1216 1688 1506 1913 1046 1205 1385 1106 1174 1401 1109 1302 1344 1919 1620 1034 1436 1751 1736 1440 1748 1257 1141 1900 1608 1014 1806 1727 BCNSPRNW ULIB Ver.6.0+V

เปลี่ยนเป็นภาษาไทย

Change to English
 แสดงรายละเอียดบรรณานุกรม
  กลับหน้าหลัก

Brief Record : Get Marc (ISO 2709) : E-mail record : QR code < ปิดหน้าต่าง
LEADER : 00000nam a2200000Ia 4500
001    13399125536
003     ULIB
008    170315s2558 th a b 000 0 tha d
020    ^a9786163980304
040    ^abns
060 04 ^aWM190^bณ259บ
100 0  ^aณหทัย วงศ์ปการันย์
245 10 ^aบุคลิกภาพแปรปรวน :^bการประเมินและการรักษา = Personalitydisorders : assessment and treatment /^cณหทัย วงศ์ปการันย์,ทินกร วงศ์ปการันย์
246 31 ^aPersonality disorders :^bassessment and treatment
250    ^aฉบับปรับปรุง
260    ^aเชียงใหม่ :^bภาควิชาจิตเวชศาสตร์ คณะแพทยศาสตร์ มหาวิทยาลัยเชียงใหม่,^c2558
300    ^aก-ฌ, 504 หน้า :^bภาพประกอบ ;^c23 ซม.
650  4 ^aบุคลิกภาพผิดปกติ
700 0  ^aทินกร วงศ์ปการันย์
710 2  ^aมหาวิทยาลัยเชียงใหม่.^bคณะแพทยศาสตร์.^bภาควิชาจิตเวชศาสตร์
945    ^p520^l0^i25212
995    ^aกัณชพร
999    ^aกัณชพร
รายการนี้ยังไม่มีแท็ก
คุณยังไม่ได้ล็อกอิน คุณสามารถมีกิจกรรมร่วมกับเว็บไซต์ได้ แต่ต้องล็อกอินก่อน ::
  ล็อกอิน

รายการสื่อสารสนเทศ

ลำดับที่ ประเภท เลขเรียก/บาร์โค้ด สถานที่ สถานะ
1. วิทยาศาสตร์การแพทย์ และสุขภาพ
วิทยาศาสตร์การแพทย์ และสุขภาพ
สถานะ=หนังสือเก่า
WM190 ณ259บ ฉ.1 
  Barcode: 25212
ห้องสมุดวิทยาเขตนครสวรรค์
►ส่วนจัดเก็บหนังสือเก่า นว.
บนชั้น
  ขอยืม

รายการใกล้เคียง
    ผู้แต่ง [ณหทัย วงศ์ปการันย์]

    หัวเรื่อง [บุคลิกภาพผิดปกติ]

BibComment


ยังไม่เคยถูกคอมเมนท์

คอมเมนท์ทรัพยากรรายการนี้
  คอมเมนท์: บุคลิกภาพแปรปรวน..


 Copyright 2026. Bcnsprnw @Library